| 000 | 00495nam a2200181 i 4500 | ||
|---|---|---|---|
| 001 | bg | ||
| 245 | 0 | 0 | _aUstawa o rachunkowości (tekst ujednolicony). |
| 260 |
_aŁódź : _bAgencja Wydawnicza Interfart, _c2000. |
||
| 300 |
_a96 s. ; _c21 cm. |
||
| 650 | 9 |
_aRachunkowość _xprawo _zPolska _ystan na 2000 r. |
|
| 020 | _a8386939346 | ||
| 040 | _cBPK | ||
| 041 | 0 | _apol | |
| 080 | _a346.52(438)(094.5) | ||
| 920 | _a83-86939-34-6 | ||
| 942 | _cKS | ||
| 008 | s pl f |000 0 pol | ||
| 999 |
_c52351 _d52351 |
||
| 856 |
_uhttp://koha.tu.koszalin.pl/cgi-bin/koha/opac-detail.pl?biblionumber=52351 _yKatalog online BPK |
||